000 00621nam a2200169Ia 4500
003 GCL
008 140319s9999 xx 000 0 ara d
040 _aGCL /
_cGCL
082 0 4 _a811.9
_bا ل
100 1 _aامجد ريان
245 1 0 _aاللغة والشكل :
_bالكتابة التجريبية فى الشعر العربى المعاصر /
_cامجد ريان
260 _aالقاهرة :
_bمركز الحضارة العربية للاعلام والنشر
300 _a126 ص ؛
_c10 سم
650 0 4 _aالشعر العربى
650 0 4 _aالشعر العربى - تاريخ ونقد
942 _2ddc
_cBK
999 _c5141
_d5141